| Tag |
First Indicator |
Second Indicator |
Subfields |
| LEADER |
00000cam a2200000Ki 4500 |
| 001 |
in00003474513 |
| 005 |
20151206092828.0 |
| 008 |
920414s1915 enk b 001 0 eng d |
| 016 |
7 |
|
|a CAT10958958
|2 DNAL
|
| 035 |
|
|
|a (OCoLC)ocm25643372
|
| 035 |
|
|
|a (OCoLC)25643372
|
| 040 |
|
|
|a YOR
|b eng
|c YOR
|d AGL
|d NZWTU
|d UBC
|d OCLCQ
|d OCLCF
|d TXA
|d UtOrBLW
|
| 043 |
|
|
|a e-uk---
|
| 049 |
|
|
|a TXAM
|
| 050 |
1 |
4 |
|a HC245
|b .A7
|
| 070 |
0 |
|
|a 256.03
|b D71
|
| 072 |
|
0 |
|a E100
|
| 082 |
0 |
4 |
|a 330.9171241
|2 20
|
| 090 |
|
|
|a HC246
|b .G72925 1915
|
| 110 |
1 |
|
|a Great Britain.
|b Dominions Royal Commission.
|
| 245 |
1 |
0 |
|a Memorandum and tables relating to the food and raw material requirements of the United Kingdom /
|c prepared by the Royal Commission on the Natural Resources, Trade, and Legislation of Certain Portions of His Majesty's Dominions.
|
| 246 |
3 |
|
|a Food and raw material requirements of the United Kingdom
|
| 264 |
|
3 |
|a London :
|b Printed under the authority of H.M. Stationery Off., by Eyre & Spottiswoode,
|c 1915.
|
| 300 |
|
|
|a iv, 123 pages ;
|c 33 cm.
|
| 336 |
|
|
|a text
|b txt
|2 rdacontent
|
| 337 |
|
|
|a unmediated
|b n
|2 rdamedia
|
| 338 |
|
|
|a volume
|b nc
|2 rdacarrier
|
| 490 |
1 |
|
|a [Great Britain. Parliament. Papers by command] ;
|v Cd. 8123
|
| 500 |
|
|
|a At head of title: Dominions Royal Commission.
|
| 500 |
|
|
|a "Presented to both Houses of Parliament by Command of His Majesty November 1915."
|
| 504 |
|
|
|a Includes bibliographical references and index.
|
| 650 |
|
0 |
|a Food supply
|z Great Britain.
|
| 650 |
|
0 |
|a Commerce
|z Great Britain.
|
| 650 |
|
7 |
|a Commerce.
|2 fast
|0 (OCoLC)fst00869279
|
| 650 |
|
7 |
|a Food supply.
|2 fast
|0 (OCoLC)fst00931196
|
| 651 |
|
7 |
|a Great Britain.
|2 fast
|0 (OCoLC)fst01204623
|
| 776 |
0 |
8 |
|i Online version:
|a Great Britain. Dominions Royal Commission.
|t Memorandum and tables relating to the food and raw material requirements of the United Kingdom.
|d London : Printed under the authority of H.M. Stationery Off., by Eyre & Spottiswoode, 1915
|w (OCoLC)630184680
|
| 830 |
|
0 |
|a Cd. (Great Britain. Parliament) ;
|v Cd. 8123.
|
| 948 |
|
|
|a cataloged
|b h
|c 2014/3/26
|d c
|e lschille
|f 4:56:46 pm
|
| 994 |
|
|
|a C0
|b TXA
|
| 999 |
|
|
|a MARS
|
| 999 |
f |
f |
|s a9d9cb3c-c086-302c-a351-1edaf5bd095e
|i ef9fe0ba-b530-37d4-bb5e-5ac5a6cf5135
|t 0
|
| 952 |
f |
f |
|p noncirc
|a Texas A&M University
|b College Station
|c Cushing Memorial Library & Archives
|d Cushing: Literature/Haggard (Does not check out)
|t 0
|e HC246 .G72925 1915
|f Oversize
|h Library of Congress classification
|i unmediated -- volume
|
| 998 |
f |
f |
|a HC246 .G72925 1915
|t 0
|l Cushing: Literature/Haggard (Does not check out)
|